000
00273nam a2200097Ia 4500
082
_a
641.555 CABA
245
0
_a
Easy, simple and delicious
100
_a
CABANO, Sonia Capetown, South Africa, 2010
_9
51759
942
_c
BK
008
210817s9999 xx 000 0 und d
999
_c
165474
_d
165473